00761cam a2200217 a 4500020002200000020002200022040000800044082002600052245004900078250001200127260003500139300001900174650002600193700002000219700001700239856006200256856005400318942000700372999001700379952014700396 a0070648441 (v. 1) a007064845X (v. 2) cDLC00a909 MCG 2000 A099 Or.00aWestern societies :ba documentary history / a2nd ed. aBoston :bMcGraw-Hill,cc2000. a2 v. ;c24 cm. 0aCivilization, Western1 aTierney, Brian.1 aScott, Joan.42uhttp://www.loc.gov/catdir/description/mh023/99030725.html41uhttp://www.loc.gov/catdir/toc/mh023/99030725.html cEK c12293d12293 0010406909_000000000000000_MCG_2000_A099_OR70961768aLBAbLBAcA099d2017-08-11o909 MCG 2000 A099 Or.pA17317r2017-08-11w2017-08-11yEK